<?xml version="1.0" encoding="UTF-8"?>
<record
    xmlns:xsi="http://www.w3.org/2001/XMLSchema-instance"
    xsi:schemaLocation="http://www.loc.gov/MARC21/slim http://www.loc.gov/standards/marcxml/schema/MARC21slim.xsd"
    xmlns="http://www.loc.gov/MARC21/slim">

  <leader>00604nam a22002057a 4500</leader>
  <controlfield tag="005">20260316083000.0</controlfield>
  <controlfield tag="008">260316b        |||||||| |||| 00| 0 eng d</controlfield>
  <datafield tag="020" ind1=" " ind2=" ">
    <subfield code="a">9788119679416</subfield>
  </datafield>
  <datafield tag="040" ind1=" " ind2=" ">
    <subfield code="a">IN-DiNC</subfield>
    <subfield code="c">IN-DiNC</subfield>
  </datafield>
  <datafield tag="041" ind1=" " ind2=" ">
    <subfield code="d">asm</subfield>
  </datafield>
  <datafield tag="082" ind1=" " ind2=" ">
    <subfield code="a">320.5</subfield>
    <subfield code="b">GOH</subfield>
  </datafield>
  <datafield tag="100" ind1=" " ind2=" ">
    <subfield code="a">Gohain, Nabin</subfield>
    <subfield code="e">author</subfield>
  </datafield>
  <datafield tag="245" ind1=" " ind2=" ">
    <subfield code="a">Rajnaitik tattwa:</subfield>
    <subfield code="b">dharana aru bitarka (Major8)/</subfield>
    <subfield code="c">by Nabin Gohain and Pankaj Bora</subfield>
  </datafield>
  <datafield tag="250" ind1=" " ind2=" ">
    <subfield code="a">2nd rev. ed.</subfield>
  </datafield>
  <datafield tag="260" ind1=" " ind2=" ">
    <subfield code="a">Jorhat:</subfield>
    <subfield code="b">Bidya bhawan,</subfield>
    <subfield code="c">2026.</subfield>
  </datafield>
  <datafield tag="300" ind1=" " ind2=" ">
    <subfield code="a">336p.</subfield>
  </datafield>
  <datafield tag="650" ind1=" " ind2=" ">
    <subfield code="a">Political theory: concepts and debate (Major8)</subfield>
  </datafield>
  <datafield tag="700" ind1=" " ind2=" ">
    <subfield code="a">Bora, Pankaj</subfield>
    <subfield code="e">author</subfield>
  </datafield>
  <datafield tag="942" ind1=" " ind2=" ">
    <subfield code="2">ddc</subfield>
    <subfield code="c">BK</subfield>
  </datafield>
  <datafield tag="999" ind1=" " ind2=" ">
    <subfield code="c">12333</subfield>
    <subfield code="d">12333</subfield>
  </datafield>
  <datafield tag="952" ind1=" " ind2=" ">
    <subfield code="0">0</subfield>
    <subfield code="1">0</subfield>
    <subfield code="2">ddc</subfield>
    <subfield code="4">0</subfield>
    <subfield code="7">0</subfield>
    <subfield code="8">POL</subfield>
    <subfield code="a">MAIN</subfield>
    <subfield code="b">MAIN</subfield>
    <subfield code="c">GEN</subfield>
    <subfield code="d">2026-03-16</subfield>
    <subfield code="g">300.00</subfield>
    <subfield code="l">1</subfield>
    <subfield code="o">320.5 GOH</subfield>
    <subfield code="p">31213</subfield>
    <subfield code="q">2026-05-30</subfield>
    <subfield code="r">2026-05-12 05:52:33</subfield>
    <subfield code="s">2026-05-12</subfield>
    <subfield code="t">1</subfield>
    <subfield code="w">2026-03-16</subfield>
    <subfield code="y">BK</subfield>
  </datafield>
  <datafield tag="952" ind1=" " ind2=" ">
    <subfield code="0">0</subfield>
    <subfield code="1">0</subfield>
    <subfield code="2">ddc</subfield>
    <subfield code="4">0</subfield>
    <subfield code="7">0</subfield>
    <subfield code="8">POL</subfield>
    <subfield code="a">MAIN</subfield>
    <subfield code="b">MAIN</subfield>
    <subfield code="c">GEN</subfield>
    <subfield code="d">2026-03-16</subfield>
    <subfield code="g">300.00</subfield>
    <subfield code="l">0</subfield>
    <subfield code="o">320.5 GOH</subfield>
    <subfield code="p">31214</subfield>
    <subfield code="r">2026-03-16 08:30:38</subfield>
    <subfield code="t">2</subfield>
    <subfield code="w">2026-03-16</subfield>
    <subfield code="y">BK</subfield>
  </datafield>
  <datafield tag="952" ind1=" " ind2=" ">
    <subfield code="0">0</subfield>
    <subfield code="1">0</subfield>
    <subfield code="2">ddc</subfield>
    <subfield code="4">0</subfield>
    <subfield code="7">0</subfield>
    <subfield code="8">POL</subfield>
    <subfield code="a">MAIN</subfield>
    <subfield code="b">MAIN</subfield>
    <subfield code="c">GEN</subfield>
    <subfield code="d">2026-03-16</subfield>
    <subfield code="g">300.00</subfield>
    <subfield code="l">1</subfield>
    <subfield code="o">320.5 GOH</subfield>
    <subfield code="p">31215</subfield>
    <subfield code="q">2026-04-20</subfield>
    <subfield code="r">2026-03-27 05:14:06</subfield>
    <subfield code="s">2026-03-27</subfield>
    <subfield code="t">3</subfield>
    <subfield code="w">2026-03-16</subfield>
    <subfield code="y">BK</subfield>
  </datafield>
  <datafield tag="952" ind1=" " ind2=" ">
    <subfield code="0">0</subfield>
    <subfield code="1">0</subfield>
    <subfield code="2">ddc</subfield>
    <subfield code="4">0</subfield>
    <subfield code="7">0</subfield>
    <subfield code="8">POL</subfield>
    <subfield code="a">MAIN</subfield>
    <subfield code="b">MAIN</subfield>
    <subfield code="c">GEN</subfield>
    <subfield code="d">2026-03-16</subfield>
    <subfield code="g">300.00</subfield>
    <subfield code="l">2</subfield>
    <subfield code="o">320.5 GOH</subfield>
    <subfield code="p">31216</subfield>
    <subfield code="r">2026-05-14 06:55:15</subfield>
    <subfield code="s">2026-05-02</subfield>
    <subfield code="t">4</subfield>
    <subfield code="w">2026-03-16</subfield>
    <subfield code="y">BK</subfield>
  </datafield>
  <datafield tag="952" ind1=" " ind2=" ">
    <subfield code="0">0</subfield>
    <subfield code="1">0</subfield>
    <subfield code="2">ddc</subfield>
    <subfield code="4">0</subfield>
    <subfield code="7">0</subfield>
    <subfield code="8">POL</subfield>
    <subfield code="a">MAIN</subfield>
    <subfield code="b">MAIN</subfield>
    <subfield code="c">GEN</subfield>
    <subfield code="d">2026-03-16</subfield>
    <subfield code="g">300.00</subfield>
    <subfield code="l">1</subfield>
    <subfield code="o">320.5 GOH</subfield>
    <subfield code="p">31217</subfield>
    <subfield code="q">2026-05-15</subfield>
    <subfield code="r">2026-04-27 06:29:43</subfield>
    <subfield code="s">2026-04-27</subfield>
    <subfield code="t">5</subfield>
    <subfield code="w">2026-03-16</subfield>
    <subfield code="y">BK</subfield>
  </datafield>
</record>
